00289nam a22000977a 4500008004100000020001800041050002200059245006600081260003200147300001200179150309b xxu||||| |||| 00| 0 eng d a9781908843623 aAG 243 .G964 2015 aGuiness World Record 2015 /binside all-new augmented reality bGuiness world recordsc2014 a255 p.